| 000 | 00654nam a22001937a 4500 | ||
|---|---|---|---|
| 999 |
_c172072 _d172072 |
||
| 005 | 20200127124451.0 | ||
| 010 | _aB-731171 | ||
| 020 |
_a9789384401993 _c295.00 |
||
| 035 | _aB-731171 | ||
| 037 |
_aDPL _bPigeon |
||
| 082 | _a488.24 | ||
| 100 | _aD'Souza, Urban | ||
| 245 |
_aComprehensive spoken English course with 220 conversatio passages and grammar / _bby Urban D' Souza |
||
| 260 |
_aNew Delhi _bPigeon Books India _c2019 |
||
| 270 |
_a16, Ansari Road,Daryaganj, _bNew Delhi _e110002 |
||
| 300 |
_axvi,472p. _b22cm(pbk) |
||
| 942 |
_2ddc _cEN _h488.24 _mDSO |
||